Minecraft: April Fools' Mobs by Picture - Statistics

General Stats
  • This quiz has been taken 28 times
  • The average score is 8 of 15
Answer Stats
Picture Answer % Correct
Diamond Chicken
83%
Love Golem
83%
Pink Wither
78%
Moon Cow
72%
Horse
67%
Smiling Creeper
67%
Redstone Bug
61%
Pony
56%
Nerd Creeper
50%
Batato
39%
Poisonous Potato Zombie
39%
Ray Tracing
39%
Toxifin Slab
28%
Mega Spud
22%
Plaguewhale Slab
22%
No matching quizzes found
Score Distribution
Percent of People with Each Score
Percentile by Number Answered
Your Score History
You have not taken this quiz